[Event "VIE-chT"]
[Site "Hanoi"]
[Date "2023.04.23"]
[Round "9"]
[White "Nguyen, Thanh Thuy Tien"]
[Black "Tran, Hai Trieu"]
[Result "1-0"]
[WhiteElo "1906"]
[BlackElo "1339"]
[PlyCount "79"]
[EventDate "2023.04.18"]
[EventType "swiss"]
[EventRounds "9"]
[EventCountry "VIE"]
[SourceTitle "EXT 2024"]
[Source "ChessBase"]
[SourceDate "2023.10.10"]
[SourceVersion "1"]
[SourceVersionDate "2023.10.10"]
[SourceQuality "1"]

1. Nf3 Nf6 2. c4 e6 3. e3 Be7 4. Nc3 0-0 5. b3 c5 6. Be2 Nc6 7. 0-0 b6 8. d4 d6 9. e4 cxd4 10. Nxd4 Bb7 11. Nc2 Rc8 12. Be3 Qc7 13. Rc1 Rfd8 14. Nd4 Bf8 15. f3 g6 16. Qd2 Bg7 17. Rfd1 Qb8 18. Nxc6 Bxc6 19. Bf4 Qb7 20. b4 Nh5 21. Bg5 f6 22. Be3 Bf8 23. b5 Be8 24. a4 Bf7 25. f4 Ng7 26. Bf3 Rxc4 27. e5 d5 28. Ne4 dxe4 29. Qxd8 Rxc1 30. Rxc1 exf3 31. Rc8 Ne8 32. Rc6 f5 33. gxf3 g5 34. Qxg5+ Kh8 35. Qd8 Bh5 36. Kf2 Qg7 37. Rxe6 Bxf3 38. Kxf3 Qg4+ 39. Kf2 Qh4+ 40. Qxh4 1-0

[Event "VIE-chT"]
[Site "Hanoi"]
[Date "2023.04.21"]
[Round "6"]
[White "Tran, Hai Trieu"]
[Black "Tran, Duc Tu"]
[Result "0-1"]
[WhiteElo "1339"]
[BlackElo "2052"]
[PlyCount "114"]
[EventDate "2023.04.18"]
[EventType "swiss"]
[EventRounds "9"]
[EventCountry "VIE"]
[SourceTitle "EXT 2024"]
[Source "ChessBase"]
[SourceDate "2023.10.10"]
[SourceVersion "1"]
[SourceVersionDate "2023.10.10"]
[SourceQuality "1"]

1. Nf3 d5 2. d4 Nf6 3. Bf4 c5 4. e3 Nc6 5. Bb5 Qb6 6. Bxc6+ bxc6 7. b3 Ba6 8. Nc3 e6 9. Ne2 Qa5+ 10. Qd2 Qxd2+ 11. Nxd2 cxd4 12. exd4 Bb4 13. a3 Bxd2+ 14. Bxd2 0-0 15. f3 Rfe8 16. Bc3 Nd7 17. Kf2 Rac8 18. b4 Bxe2 19. Kxe2 Nb6 20. Kd3 Nc4 21. Rad1 f6 22. f4 Nd6 23. Rhe1 h5 24. h3 h4 25. Re2 Kf7 26. Be1 Rh8 27. a4 a6 28. Bc3 Nf5 29. b5 cxb5 30. axb5 axb5 31. Ra1 Ra8 32. Rb1 Rhb8 33. Bb4 Rb7 34. c3 Ng3 35. Reb2 Ne4 36. Bc5 Ra5 37. Bb4 Ra4 38. Rb3 Rc7 39. R1b2 Rc4 40. Rb1 Ra2 41. R3b2 Ra8 42. Rb3 Kg6 43. Ba3 Nxc3 44. f5+ Kxf5 45. Rf1+ Kg6 46. Bb2 Na4 47. Bc1 b4 48. Bd2 Nc3 49. Bxc3 Rxc3+ 50. Rxc3 bxc3 51. Kxc3 Ra2 52. Rg1 Rf2 53. Kb4 Rc2 54. g3 Rc4+ 55. Kb3 Rxd4 56. gxh4+ Kh6 57. Rg3 Rxh4 0-1

[Event "VIE-chT"]
[Site "Hanoi"]
[Date "2023.04.19"]
[Round "3"]
[White "Nguyen, Thi Phuong Thao"]
[Black "Tran, Hai Trieu"]
[Result "1/2-1/2"]
[WhiteElo "2022"]
[BlackElo "1339"]
[PlyCount "78"]
[EventDate "2023.04.18"]
[EventType "swiss"]
[EventRounds "9"]
[EventCountry "VIE"]
[SourceTitle "EXT 2024"]
[Source "ChessBase"]
[SourceDate "2023.10.10"]
[SourceVersion "1"]
[SourceVersionDate "2023.10.10"]
[SourceQuality "1"]

1. d4 Nf6 2. c4 e6 3. Nf3 d5 4. e3 Bb4+ 5. Bd2 Bxd2+ 6. Nbxd2 0-0 7. Qc2 Nbd7 8. Bd3 c5 9. cxd5 cxd4 10. Nxd4 exd5 11. 0-0 Ne5 12. N2f3 Nxd3 13. Qxd3 Be6 14. a4 Rc8 15. h3 Qb6 16. a5 Qb4 17. Ra3 Ne4 18. Rfa1 Qxb2 19. R3a2 Qb4 20. Rb1 Qd6 21. Rab2 Rc4 22. Nd2 Nxd2 23. Qxd2 Bc8 24. Nb5 Qc5 25. Nd4 Qd6 26. Rd1 Qg6 27. Kh1 Qe4 28. Kh2 Qe5+ 29. Kg1 Rd8 30. Rb5 a6 31. Nf3 Qe4 32. Ng5 Qe5 33. f4 Qd6 34. Rxd5 Qxd5 35. Qxd5 Rxd5 36. Rxd5 g6 37. h4 h6 38. Nf3 Be6 39. Re5 Rc1+ 1/2-1/2

[Event "VIE-chT"]
[Site "Hanoi"]
[Date "2023.04.18"]
[Round "1"]
[White "Ngo, Duc Tri"]
[Black "Tran, Hai Trieu"]
[Result "1-0"]
[WhiteElo "2345"]
[BlackElo "1339"]
[PlyCount "73"]
[EventDate "2023.04.18"]
[EventType "swiss"]
[EventRounds "9"]
[EventCountry "VIE"]
[SourceTitle "EXT 2024"]
[Source "ChessBase"]
[SourceDate "2023.10.10"]
[SourceVersion "1"]
[SourceVersionDate "2023.10.10"]
[SourceQuality "1"]

1. e4 e5 2. Nf3 Nc6 3. d4 exd4 4. Nxd4 Bc5 5. Nxc6 bxc6 6. Bc4 Qf6 7. 0-0 Ne7 8. Be3 Bb6 9. Nc3 d6 10. Qd2 h6 11. f4 0-0 12. Rae1 Ng6 13. Kh1 Bb7 14. Bxb6 axb6 15. e5 Qh4 16. exd6 Rad8 17. d7 Qg4 18. f5 Qxc4 19. fxg6 f6 20. h3 c5 21. Rf4 Rxd7 22. Qxd7 Qxf4 23. Qe6+ Kh8 24. Qf7 Bxg2+ 25. Kxg2 Qd2+ 26. Kf3 Qd6 27. Rd1 Qc6+ 28. Kf2 Qe8 29. Qxe8 Rxe8 30. Rd7 Kg8 31. Rxc7 Kf8 32. Nd5 Rd8 33. Rf7+ Kg8 34. Ne7+ Kh8 35. Nf5 b5 36. Rxg7 Rd5 37. Rh7+ 1-0